| 000 | 00402cam a2200157ua 4500 | ||
|---|---|---|---|
| 041 |
_aeng _h |
||
| 082 |
_a532.51 _bPAN/IN |
||
| 100 | _aPanton, Ronald L . | ||
| 245 |
_aIncompressible flow / _cRonald L Panton. _hTextual Documents |
||
| 250 |
_a1 / _b. |
||
| 260 |
_aNew York : _bWiley Interscience publications , _c1984. |
||
| 300 | _a780 ; . | ||
| 504 | _a | ||
| 942 | _cBK | ||
| 999 |
_c10407 _d10407 |
||